000 02411nam a22002297a 4500
001 6642
003 FISKH
005 20250530105020.0
008 250516b cb ||||| |||| 00| 0 eng d
040 _aFISKH
_bkhr
_cFISKH
_dFISKH
082 _a398.209596
100 _aAnonymous
245 _aប្រជុំរឿងព្រេងខ្មែរ :
_bភាគ៤ /
_cក្រុមជំនុំទំនៀមទម្លាប់ខ្មែរ
260 _aភ្នំពេញ ​:
_bពុទ្ធសាសនបណ្ឌិត្យ​ ,
_c២០០១ .
300 _a118 pages :
_billustrations ;
_c20 cm.
520 _aសៀវភៅ «ប្រជុំរឿងព្រេងខ្មែរ» គឺជាសៀវភៅបណ្តុំរឿងព្រេងបុរាណជាច្រើនដែលរួមបញ្ចូលរឿងនិទានពេញនិយមមកពីបងប្អូនជនរួមជាតិខ្មែរ។ សៀវភៅនេះត្រូវបានរៀបរៀងឡើងដោយ ក្រុមជំនុំទំនៀមទំលាប់ខ្មែរ ដើម្បីថែរក្សា និងផ្សព្វផ្សាយអរិយធម៌និងតម្លៃសង្គមខ្មែរតាមរយៈរឿងព្រេងប្រពៃណី។សៀវភៅនេះសមស្របសម្រាប់សិស្ស និស្សិត និងអ្នកស្រាវជ្រាវអំពីវប្បធម៌ខ្មែរ បំណងចង់ស្គាល់ពីបែបបទនៃរឿងព្រេងប្រជាជន និងស្នាដៃបុរាណខ្មែរ។
520 _a The book "Collection of Khmer Folktales" is a compilation of many traditional stories that includes popular folk narratives passed down by the Khmer people. This book was compiled by the Khmer Customs and Traditions Group with the aim of preserving and promoting Khmer culture and societal values through traditional folktales. It is well-suited for students, researchers, and anyone interested in Khmer culture who wish to learn about the forms of traditional folklore and the literary heritage of the Cambodian people.
650 _aរឿងព្រេងខ្មែរ
650 _aKhmer Folklore
942 _2ddc
_cKHB
_n0
999 _c6642
_d6642